Geography Quiz For Noobs - Statistics

General Stats
  • This quiz has been taken 72 times
  • The average score is 14 of 20
Answer Stats
Hint Answer % Correct
Country where the Eiffel Tower is located. France
100%
Capital of England London
100%
Biggest country in the world. Russia
100%
Name the only country starting with Y. Yemen
82%
The only country which doesn't recognize South Korea. North Korea
80%
Smallest nation in the world. Vatican City
80%
Country which has won the most FIFA World Cups. Brazil
78%
City in the United States of America famous for gambling and casinos. Las Vegas
78%
African island famous for a movie. Madagascar
77%
American state where everything is big. Texas
74%
Country considered as "The land down under". Australia
69%
City home to the tallest building in the world. Dubai
69%
The largest island in the world. (Australia is not considered as an island) Greenland
69%
People from this country are considered "Kiwis". New Zealand
69%
The Republic of China Taiwan
65%
Unofficial country which Serbia claims. Kosovo
58%
Number of countries recognized by the United Nations 193
51%
Country with the lowest population density. Mongolia
48%
The largest inland sea. Caspian Sea
43%
A term for people who speak Spanish as a native language. Hispanic
38%
No matching quizzes found
Score Distribution
Percent of People with Each Score
Percentile by Number Answered
Your Score History
You have not taken this quiz